00302nam a2200121 a 450000500170000000800410001702000180005805000170007610000160009324500300010926000320013930000090017120140412111228.0100122s19uu xx 00 eng d a0-448-43196-3 aERbSn1 2004 aEding, June aSnow Magic /cJune Eding. aU.S.A :bScholastic,c2004. aunp.